=LDR 00000nam 2200000 4500 =001 INLIS000000000002452 =005 20130612090804 =008 ***********************************Ind** =035 ##$$0010-061300000002452 =041 ##$$a Ind =082 ##$$a 616.01 =090 ##$$a 616.01, Ada d =100 ##$$a Adam, Syamsunir =245 ##$$a Dasar-dasar mikrobiologi parasitologi untuk perawat, Syamsunir Adam; Editor, Silvana Linda =260 ##$$a 1995 $b Jakarta =300 ##$$a viii, 113 hlm, ilus, 21 cm =650 ##$$a Mikrobiologi =700 ##$$a Linda, Silvana =850 ##$$a NBPNMAT =990 ##$$a 0001/BPAP-NTB/20142015 =990 ##$$a 01950195 =990 ##$$a 0001/BPAP-NTB/20142015 =990 ##$$a 76.594-76.595/Pro.94 =990 ##$$a 20707753 =990 ##$$a 01201900195